Guerra y paz en el mundo nuclear

Guardado en:
書目詳細資料
主要作者: Zaldívar, Carlos Alonso
格式: Texto
出版: s.l.: s.e.
標簽: 添加標簽
沒有標簽, 成為第一個標記此記錄!

MARC

LEADER 00000 a a2200000 04500
001 24314
003
040
090 |a 166500  
100 |a Zaldívar, Carlos Alonso  
245 |a Guerra y paz en el mundo nuclear  
260 |a s.l.:   |b s.e.  
300 |a 16 p.  
999 |c 2812  |d 2812